[Event "MCR 2022 H08"]
[Site "Klatovy, Czech Republic"]
[Date "2022.04.09"]
[Round "1.1"]
[White "Kosek, Oskar"]
[Black "Zelenka, Tomas"]
[Result "0-1"]
[WhiteElo "1000"]
[BlackElo "1158"]
[PlyCount "58"]
[EventDate "2022.04.09"]
[EventType "swiss"]
[EventRounds "9"]
[EventCountry "CZE"]

1. e4 e5 2. Be2 Nf6 3. Nf3 Nxe4 4. Nxe5 d6 5. Nd3 Be7 6. Nc3 Nxc3 7. dxc3 O-O
8. O-O Nc6 9. Be3 Bf5 10. Kh1 Bg5 11. Bxg5 Qxg5 12. Rc1 Rfe8 13. Re1 Be4 14.
Rg1 Ne5 15. Nxe5 dxe5 16. Bb5 Red8 17. b4 Rxd1 18. Rcxd1 Rd8 19. Rxd8+ Qxd8 20.
c4 c6 21. Ba4 h5 22. f3 Bf5 23. Bb3 g5 24. c5 h4 25. g3 hxg3 26. hxg3 Qd2 27.
a4 g4 28. fxg4 Be4+ 29. Rg2 Qxg2# 0-1

[Event "MCR 2022 H08"]
[Site "Klatovy, Czech Republic"]
[Date "2022.04.09"]
[Round "1.2"]
[White "Lutskiy, Mikhail"]
[Black "Koutecky, Vaclav 2014"]
[Result "1-0"]
[WhiteElo "1135"]
[BlackElo "1000"]
[PlyCount "27"]
[EventDate "2022.04.09"]
[EventType "swiss"]
[EventRounds "9"]
[EventCountry "CZE"]

1. e4 e5 2. Nf3 Nc6 3. c3 Bc5 4. d4 exd4 5. cxd4 Bb4+ 6. Bd2 Bxd2+ 7. Nbxd2 Nf6
8. Bc4 O-O 9. O-O Re8 10. Ng5 Re7 11. e5 Ne8 12. Qh5 d5 13. Qxh7+ Kf8 14. Qh8#
1-0

[Event "MCR 2022 H08"]
[Site "Klatovy, Czech Republic"]
[Date "2022.04.09"]
[Round "1.3"]
[White "Krejcik, Radek"]
[Black "Trejbal, Jindrich 2014"]
[Result "0-1"]
[WhiteElo "1000"]
[BlackElo "1101"]
[PlyCount "28"]
[EventDate "2022.04.09"]
[EventType "swiss"]
[EventRounds "9"]
[EventCountry "CZE"]

1. e4 e5 2. Nf3 Nc6 3. Bc4 Bc5 4. O-O Nf6 5. Nc3 d6 6. d3 h6 7. Re1 Bg4 8. h3
Bh5 9. Bd2 Nd4 10. b3 Nxf3+ 11. gxf3 Qd7 12. a4 Qxh3 13. Ra2 Bxf3 14. Qc1 Qg2#
0-1

[Event "MCR 2022 H08"]
[Site "Klatovy, Czech Republic"]
[Date "2022.04.09"]
[Round "1.4"]
[White "Bucek, Vit"]
[Black "Krivka, Lukas"]
[Result "1-0"]
[WhiteElo "1087"]
[BlackElo "1000"]
[PlyCount "61"]
[EventDate "2022.04.09"]
[EventType "swiss"]
[EventRounds "9"]
[EventCountry "CZE"]

1. e4 e5 2. Nf3 d6 3. Nc3 g6 4. Bc4 Bg4 5. d3 Bg7 6. h3 Bxf3 7. Qxf3 Nf6 8. Bg5
O-O 9. Nd5 Nxd5 10. Bxd8 Rxd8 11. Bxd5 Rf8 12. Bxb7 Nd7 13. Bxa8 Rxa8 14. O-O
Rb8 15. Rab1 a5 16. Qe3 Rb7 17. a4 c5 18. b3 h5 19. Qg5 Bf6 20. Qd2 Bg7 21.
Qxa5 Rb6 22. Qa7 f5 23. exf5 gxf5 24. Qxd7 e4 25. Qd8+ Kh7 26. Qxb6 exd3 27.
cxd3 h4 28. Rbe1 Kg6 29. Qxd6+ Bf6 30. Re6 Kg7 31. Qd7+ 1-0

[Event "MCR 2022 H08"]
[Site "Klatovy, Czech Republic"]
[Date "2022.04.09"]
[Round "1.5"]
[White "Kupka, Frantisek 2014"]
[Black "Sury, Jakub"]
[Result "1-0"]
[WhiteElo "1000"]
[BlackElo "1006"]
[PlyCount "105"]
[EventDate "2022.04.09"]
[EventType "swiss"]
[EventRounds "9"]
[EventCountry "CZE"]

1. e4 e5 2. Nf3 Nc6 3. Nc3 Nf6 4. Bb5 Bb4 5. O-O d6 6. d3 O-O 7. Bg5 Bg4 8. Nd5
Bc5 9. h3 Bh5 10. g4 Bg6 11. Nh4 Qe8 12. Nxc7 Qd8 13. Nxa8 Qxa8 14. Bxf6 gxf6
15. Nxg6 fxg6 16. Bc4+ Kg7 17. Kh1 Qe8 18. Rg1 Bxf2 19. Rg2 Bh4 20. Bb5 Qc8 21.
Bc4 Na5 22. Bd5 g5 23. Rg1 Qc5 24. Rf1 Qe3 25. Rf3 Qc5 26. Qg1 Qxg1+ 27. Kxg1
b5 28. c4 bxc4 29. dxc4 Rb8 30. Rb1 Nb7 31. b4 Nd8 32. Rfb3 Nf7 33. Rc3 Nh6 34.
Rcb3 a6 35. c5 Rf8 36. c6 f5 37. gxf5 Nxf5 38. exf5 Rxf5 39. c7 Rf8 40. Rc1 Rc8
41. Bb7 Rf8 42. c8=Q Rxc8 43. Rxc8 a5 44. bxa5 Kh6 45. a6 Kh5 46. a7 g4 47.
hxg4+ Kxg4 48. a8=Q h5 49. Qa4+ Kg5 50. Rg8+ Kh6 51. Qxh4 Kh7 52. Qg5 d5 53.
Qg7# 1-0

[Event "MCR 2022 H08"]
[Site "Klatovy, Czech Republic"]
[Date "2022.04.09"]
[Round "1.6"]
[White "Andresev, Eldar"]
[Black "Melichar, Adam"]
[Result "1-0"]
[WhiteElo "1000"]
[BlackElo "1000"]
[PlyCount "71"]
[EventDate "2022.04.09"]
[EventType "swiss"]
[EventRounds "9"]
[EventCountry "CZE"]

1. e4 d6 2. Nf3 Be6 3. Bb5+ Bd7 4. Bd3 a6 5. Nc3 Qc8 6. O-O Nc6 7. Bc4 b5 8.
Bb3 Be6 9. Bxe6 Qxe6 10. d3 O-O-O 11. Be3 g6 12. Ng5 Qf6 13. Nf3 Bg7 14. Nd5
Qe6 15. Nc3 Nh6 16. Nd5 Rhe8 17. Qe1 Bxb2 18. Rb1 Ba3 19. Ng5 Qe5 20. Nxh7 Qg7
21. Ng5 e6 22. Nc3 Rd7 23. Ne2 a5 24. Qc3 a4 25. Qxa3 f6 26. Nxe6 Rxe6 27. Qc3
Nd8 28. Qb4 Nc6 29. Qxb5 Na7 30. Qxa4 Re5 31. Qxa7 Kd8 32. d4 Ke7 33. Rb7 Rxe4
34. Rxc7 Re6 35. Qb6 Kd8 36. Qb8+ 1-0

[Event "MCR 2022 H08"]
[Site "Klatovy, Czech Republic"]
[Date "2022.04.09"]
[Round "1.7"]
[White "Michna, Petr"]
[Black "Bartak, Tobias"]
[Result "0-1"]
[WhiteElo "1000"]
[BlackElo "1000"]
[PlyCount "26"]
[EventDate "2022.04.09"]
[EventType "swiss"]
[EventRounds "9"]
[EventCountry "CZE"]

1. e4 e5 2. Nf3 Nc6 3. Nc3 Nf6 4. Bc4 Bc5 5. d3 O-O 6. Bg5 d6 7. O-O Bg4 8. h4
Nd4 9. Nd5 Bxf3 10. Qe1 Nxc2 11. Qc1 Nxa1 12. Qxa1 Be2 13. Re1 Bg4 0-1

[Event "MCR 2022 H08"]
[Site "Klatovy, Czech Republic"]
[Date "2022.04.09"]
[Round "1.8"]
[White "Bartecek, David"]
[Black "Milian, Jakub"]
[Result "0-1"]
[WhiteElo "1000"]
[BlackElo "1000"]
[PlyCount "134"]
[EventDate "2022.04.09"]
[EventType "swiss"]
[EventRounds "9"]
[EventCountry "CZE"]

1. e4 e5 2. Nf3 Nc6 3. Bb5 f6 4. O-O a6 5. Bxc6 dxc6 6. Nc3 Be6 7. d3 Qd7 8.
Be3 O-O-O 9. a3 Bd6 10. d4 Ne7 11. d5 Bg4 12. b4 Bxf3 13. Qxf3 h6 14. Bd2 Ng6
15. Qe3 Be7 16. Qa7 Qe8 17. b5 axb5 18. a4 Kd7 19. Qxb7 Rb8 20. Qxc6+ Kd8 21.
Qa6 Rb6 22. Qa8+ Kd7 23. Qa5 Qa8 24. axb5 Qxa5 25. Rxa5 Rhb8 26. Be3 R6b7 27.
Ba7 Ra8 28. b6 cxb6 29. Ra6 Raxa7 30. Ra4 Rxa4 31. Nxa4 Ra7 32. Nxb6+ Kc7 33.
d6+ Bxd6 34. Nd5+ Kd7 35. Nb6+ Ke6 36. Nc8 Rc7 37. Nb6 Bc5 38. Nd5 Rb7 39. h3
Nf4 40. c3 Nxd5 41. exd5+ Kxd5 42. Rd1+ Ke6 43. Rd8 Bb6 44. Re8+ Kf7 45. Ra8
Ra7 46. Rb8 Bc7 47. Rb5 Ra1+ 48. Kh2 e4+ 49. g3 h5 50. Rb7 Ke6 51. Rxc7 Ra2 52.
Rc6+ Kd5 53. Rb6 Rxf2+ 54. Kg1 e3 55. Rb5+ Kc4 56. Rb4+ Kxc3 57. Re4 Kd3 58.
Rf4 Rxf4 59. gxf4 Kd2 60. Kf1 e2+ 61. Kf2 e1=Q+ 62. Kf3 Qe3+ 63. Kg2 Ke2 64.
Kh2 Qf3 65. Kg1 Qf2+ 66. Kh1 Kf1 67. h4 Qg2# 0-1

[Event "MCR 2022 H08"]
[Site "Klatovy, Czech Republic"]
[Date "2022.04.09"]
[Round "1.9"]
[White "Monaghan, Eloy Buffalo"]
[Black "Benda, Matej"]
[Result "1-0"]
[WhiteElo "1000"]
[BlackElo "1000"]
[PlyCount "89"]
[EventDate "2022.04.09"]
[EventType "swiss"]
[EventRounds "9"]
[EventCountry "CZE"]

1. e4 e5 2. Nf3 Nc6 3. Bc4 Nf6 4. d3 Bc5 5. O-O O-O 6. Bg5 d6 7. a4 Bg4 8. h3
Bh5 9. c3 Re8 10. d4 Bb6 11. Ra3 h6 12. Bh4 Rc8 13. Rb3 Na5 14. Rb4 Nxc4 15.
Rxc4 d5 16. exd5 Qxd5 17. Rb4 Qd6 18. Rb3 Ne4 19. Re1 Nc5 20. dxc5 Qxc5 21. Rf1
f6 22. g4 Rcd8 23. Qe2 Bg6 24. Nbd2 Bd3 25. Qe1 Bxf1 26. Qxf1 Rd7 27. c4 Red8
28. Qe2 g5 29. Bg3 a5 30. Ne4 Rd1+ 31. Kg2 c6 32. Nxc5 Bxc5 33. Rxb7 R1d7 34.
Rxd7 Rxd7 35. h4 e4 36. Qxe4 Rd4 37. Qe3 Rd5 38. Qe8+ Kg7 39. hxg5 Rd1 40.
gxf6+ Kxf6 41. g5+ hxg5 42. Qxc6+ Kf5 43. Qxc5+ Ke4 44. Qxg5 Rd3 45. Qf4# 1-0

[Event "MCR 2022 H08"]
[Site "Klatovy, Czech Republic"]
[Date "2022.04.09"]
[Round "1.10"]
[White "Bruha, Jan"]
[Black "Nemec, Ondrej"]
[Result "1-0"]
[WhiteElo "1000"]
[BlackElo "1000"]
[PlyCount "69"]
[EventDate "2022.04.09"]
[EventType "swiss"]
[EventRounds "9"]
[EventCountry "CZE"]

1. e4 e5 2. Nc3 Nc6 3. Nf3 Nf6 4. Nxe5 Nxe5 5. d4 Neg4 6. Be2 h5 7. O-O Be7 8.
Bf4 O-O 9. Qd3 b6 10. Qh3 Ba6 11. Bxa6 g6 12. Qh4 Nxe4 13. Qh3 Nxc3 14. bxc3
Rb8 15. Qf3 b5 16. Bb7 Rxb7 17. Qxb7 b4 18. cxb4 Qb8 19. Qe4 Re8 20. Qf3 Bxb4
21. h3 f5 22. hxg4 fxg4 23. Qg3 Bd6 24. Bxd6 cxd6 25. Rfe1 Rxe1+ 26. Rxe1 a5
27. c4 a4 28. c5 Qb4 29. Rf1 dxc5 30. dxc5 Qxc5 31. Qb8+ Qf8 32. Qg3 a3 33. f3
gxf3 34. gxf3 d5 35. Rd1 1-0

[Event "MCR 2022 H08"]
[Site "Klatovy, Czech Republic"]
[Date "2022.04.09"]
[Round "1.11"]
[White "Novak, Timur"]
[Black "Burel, Jan"]
[Result "0-1"]
[WhiteElo "1000"]
[BlackElo "1000"]
[PlyCount "74"]
[EventDate "2022.04.09"]
[EventType "swiss"]
[EventRounds "9"]
[EventCountry "CZE"]

1. d4 e5 2. dxe5 Nc6 3. Bf4 Qe7 4. e3 Qb4+ 5. Ke2 Qxb2 6. Nf3 Qxa1 7. c3 Qxa2+
8. Ke1 Nge7 9. c4 d5 10. cxd5 Nxd5 11. Bg5 Bf5 12. Nbd2 Qc2 13. Qxc2 Bxc2 14.
Nc4 Bb4+ 15. Ke2 Nc3+ 16. Ke1 Ne4+ 17. Ke2 O-O 18. Be7 Rfe8 19. Bh4 f6 20. exf6
gxf6 21. Bxf6 Nxf6 22. Nfd2 Bxd2 23. Kxd2 Be4 24. Rg1 Red8+ 25. Ke2 Bd3+ 26.
Ke1 Bxf1 27. Rxf1 Rd7 28. g3 Rad8 29. h4 b5 30. Nb2 Ne5 31. f3 Rd2 32. Rh1 Rxb2
33. f4 Nf3+ 34. Kf1 Rb1+ 35. Kf2 Rxh1 36. Kxf3 Rd2 37. h5 Rf1# 0-1

[Event "MCR 2022 H08"]
[Site "Klatovy, Czech Republic"]
[Date "2022.04.09"]
[Round "1.12"]
[White "Cerny, Ren"]
[Black "Oliberius, Alex"]
[Result "1-0"]
[WhiteElo "1000"]
[BlackElo "1000"]
[PlyCount "43"]
[EventDate "2022.04.09"]
[EventType "swiss"]
[EventRounds "9"]
[EventCountry "CZE"]

1. e4 a5 2. Nc3 Nc6 3. Nf3 b6 4. d4 Bb7 5. Bc4 Ra6 6. Bxa6 Bxa6 7. d5 Nb4 8. a3
Nxc2+ 9. Qxc2 c5 10. Bf4 Qc8 11. Na4 e6 12. Nxb6 exd5 13. Nxc8 Kd8 14. Nd6 Ke7
15. Qxc5 Kd8 16. Nxf7+ Ke8 17. Qxd5 Nf6 18. Qb3 Nxe4 19. Nxh8 Bc4 20. Qxc4 d5
21. Qxd5 Ke7 22. Qf7+ 1-0

[Event "MCR 2022 H08"]
[Site "Klatovy, Czech Republic"]
[Date "2022.04.09"]
[Round "1.13"]
[White "Ponca, Dominik"]
[Black "Dvorak, Filip"]
[Result "1-0"]
[WhiteElo "1000"]
[BlackElo "1000"]
[PlyCount "26"]
[EventDate "2022.04.09"]
[EventType "swiss"]
[EventRounds "9"]
[EventCountry "CZE"]

1. e4 e5 2. Nf3 Nc6 3. Bc4 Nf6 4. Nc3 Bc5 5. O-O O-O 6. h4 Ng4 7. Ng5 Qf6 8.
Qxg4 Re8 9. Nf3 d6 10. d4 Bxg4 11. dxe5 dxe5 12. Ne1 Rad8 13. Bg5 Qg6 1-0

[Event "MCR 2022 H08"]
[Site "Klatovy, Czech Republic"]
[Date "2022.04.09"]
[Round "1.14"]
[White "Fadrny, Jonas"]
[Black "Raab, Matyas"]
[Result "1-0"]
[WhiteElo "1000"]
[BlackElo "1000"]
[PlyCount "78"]
[EventDate "2022.04.09"]
[EventType "swiss"]
[EventRounds "9"]
[EventCountry "CZE"]

1. e4 e5 2. f4 exf4 3. Nf3 Nf6 4. Nc3 Bc5 5. d4 Bb4 6. Bc4 O-O 7. O-O Re8 8.
Re1 Nc6 9. Bxf4 d6 10. a3 Ba5 11. d5 Bxc3 12. bxc3 Ne5 13. Bxe5 dxe5 14. Bb5
Bd7 15. Bxd7 Qxd7 16. Rb1 Rab8 17. Rb2 c6 18. dxc6 Qxd1 19. Rxd1 bxc6 20. Rxb8
Rxb8 21. Nxe5 Re8 22. Nxc6 a6 23. Nd8 Nxe4 24. c4 Nc3 25. Rd3 Ne2+ 26. Kf1 Nf4
27. Rf3 Ne6 28. Nxe6 Rxe6 29. Rd3 h6 30. Rc3 Rc6 31. c5 a5 32. Ke2 Kf8 33. Kd3
Ke7 34. Kc4 Ke6 35. Kb5 Kd7 36. Kxa5 Rc7 37. Kb6 Rc6+ 38. Kb5 Kc7 39. Re3 Kd7
1-0

[Event "MCR 2022 H08"]
[Site "Klatovy, Czech Republic"]
[Date "2022.04.09"]
[Round "2.2"]
[White "Kupka, Frantisek 2014"]
[Black "Lutskiy, Mikhail"]
[Result "0-1"]
[WhiteElo "1000"]
[BlackElo "1135"]
[PlyCount "60"]
[EventDate "2022.04.09"]
[EventType "swiss"]
[EventRounds "9"]
[EventCountry "CZE"]

1. e4 c5 2. Bc4 Nc6 3. Nf3 d6 4. Ng5 e6 5. Nf3 Nf6 6. d4 cxd4 7. Nxd4 Nxe4 8.
O-O Be7 9. Nxc6 bxc6 10. Be2 Bb7 11. Nc3 Nf6 12. Bg5 O-O 13. Bd3 c5 14. Bxf6
Bxf6 15. Qh5 h6 16. Rfe1 Qc8 17. Qg4 c4 18. Be4 d5 19. Bf3 Qc5 20. Qg3 Rfd8 21.
Rad1 Be7 22. Re5 Bd6 23. Na4 Qc7 24. Rde1 f6 25. Nc3 Bxe5 26. Nb5 Bxg3 27. Nxc7
Bxc7 28. Rxe6 Re8 29. Rxe8+ Rxe8 30. h3 Re1# 0-1

[Event "MCR 2022 H08"]
[Site "Klatovy, Czech Republic"]
[Date "2022.04.09"]
[Round "2.3"]
[White "Trejbal, Jindrich 2014"]
[Black "Monaghan, Eloy Buffalo"]
[Result "1-0"]
[WhiteElo "1101"]
[BlackElo "1000"]
[PlyCount "99"]
[EventDate "2022.04.09"]
[EventType "swiss"]
[EventRounds "9"]
[EventCountry "CZE"]

1. e4 e5 2. Nf3 Nc6 3. Bc4 Nf6 4. Ng5 Rg8 5. Bxf7+ Ke7 6. Bxg8 Nxg8 7. Nxh7 a5
8. Nxf8 Qxf8 9. Nc3 Ra6 10. Nd5+ Kd8 11. d3 Nge7 12. Bg5 d6 13. Bxe7+ Nxe7 14.
Nxe7 Qxe7 15. Qf3 Rc6 16. Rc1 Qe6 17. Qf8+ Qe8 18. Qxe8+ Kxe8 19. O-O Bg4 20.
f3 Bh5 21. f4 exf4 22. Rxf4 d5 23. exd5 Rg6 24. Re1+ Kd7 25. Rf7+ Kd6 26. Re6+
Rxe6 27. dxe6 Kxe6 28. Rxg7 Kf6 29. Rxc7 b6 30. Rb7 b5 31. Rxb5 Bg6 32. Rb6+
Kg5 33. Rxg6+ Kxg6 34. Kf2 a4 35. Ke3 a3 36. bxa3 Kf6 37. a4 Ke6 38. h4 Kf6 39.
a5 Kg6 40. a6 Kf7 41. a7 Ke7 42. a8=Q Ke6 43. c4 Kd6 44. Qd5+ Kc7 45. c5 Kc8
46. Qf7 Kd8 47. Ke4 Kc8 48. Kd5 Kb8 49. c6 Ka8 50. Qb7# 1-0

[Event "MCR 2022 H08"]
[Site "Klatovy, Czech Republic"]
[Date "2022.04.09"]
[Round "2.4"]
[White "Milian, Jakub"]
[Black "Bucek, Vit"]
[Result "0-1"]
[WhiteElo "1000"]
[BlackElo "1087"]
[PlyCount "128"]
[EventDate "2022.04.09"]
[EventType "swiss"]
[EventRounds "9"]
[EventCountry "CZE"]

1. d4 d5 2. Nf3 Nc6 3. Nc3 Nf6 4. Bf4 e6 5. e3 b6 6. Bb5 Bb7 7. O-O Bb4 8. a3
Bxc3 9. bxc3 Ne4 10. Qb1 Nxc3 11. Qb4 Nxb5 12. Qxb5 O-O 13. Ne5 a6 14. Nxc6
axb5 15. Nxd8 Raxd8 16. Rab1 Rc8 17. Rxb5 Ba6 18. Rb4 Bxf1 19. Kxf1 Ra8 20. a4
Ra7 21. Kg1 Rb7 22. h3 b5 23. Rxb5 Rxb5 24. axb5 Rc8 25. h4 Rb8 26. Bxc7 Rxb5
27. h5 Rb1+ 28. Kh2 Rc1 29. h6 gxh6 30. Kh3 Rxc2 31. Ba5 Rxf2 32. Kg3 Rf6 33.
Kg4 Rg6+ 34. Kf4 Kg7 35. g4 Rf6+ 36. Ke5 Rf2 37. Be1 Re2 38. Bh4 Rxe3+ 39. Kf4
Re4+ 40. Kf3 Kg6 41. Kg3 Rxd4 42. g5 Rxh4 43. Kxh4 hxg5+ 44. Kg4 d4 45. Kf3 e5
46. Ke4 f6 47. Kd3 f5 48. Ke2 e4 49. Ke1 d3 50. Kd2 g4 51. Ke1 f4 52. Kf2 e3+
53. Ke1 f3 54. Kf1 d2 55. Kg1 d1=Q+ 56. Kh2 Qe2+ 57. Kg3 Qg2+ 58. Kh4 Qc2 59.
Kxg4 Qf5+ 60. Kg3 f2 61. Kg2 f1=R 62. Kg3 Qg5+ 63. Kh2 Rg1 64. Kh3 Qg3# 0-1

[Event "MCR 2022 H08"]
[Site "Klatovy, Czech Republic"]
[Date "2022.04.09"]
[Round "2.5"]
[White "Strihavka, Petr"]
[Black "Andresev, Eldar"]
[Result "1-0"]
[WhiteElo "1000"]
[BlackElo "1000"]
[PlyCount "67"]
[EventDate "2022.04.09"]
[EventType "swiss"]
[EventRounds "9"]
[EventCountry "CZE"]

1. d4 d5 2. Bf4 Bf5 3. Nf3 e6 4. e3 Bb4+ 5. c3 Bd6 6. Bxd6 cxd6 7. Bb5+ Nc6 8.
Bxc6+ bxc6 9. Nbd2 Nf6 10. O-O O-O 11. Qa4 Qd7 12. c4 Rab8 13. b3 Ng4 14. cxd5
exd5 15. Rac1 Qc8 16. Rxc6 Qb7 17. Rxd6 Rfe8 18. h3 Nf6 19. Ne5 Bc2 20. Nc6 Qc7
21. Nxb8 Qxd6 22. Nc6 Re6 23. Nxa7 Bd3 24. Rc1 Be2 25. Rc8+ Ne8 26. Rxe8+ Rxe8
27. Qxe8+ Qf8 28. Qe5 h6 29. Nc6 Qc8 30. Ne7+ Kh7 31. Nxc8 g5 32. Ne7 h5 33.
Nf5 h4 34. Qg7# 1-0

[Event "MCR 2022 H08"]
[Site "Klatovy, Czech Republic"]
[Date "2022.04.09"]
[Round "2.6"]
[White "Bartak, Tobias"]
[Black "Ponca, Dominik"]
[Result "1-0"]
[WhiteElo "1000"]
[BlackElo "1000"]
[PlyCount "81"]
[EventDate "2022.04.09"]
[EventType "swiss"]
[EventRounds "9"]
[EventCountry "CZE"]

1. e4 e5 2. Nf3 Nc6 3. Nc3 Nf6 4. Bc4 Bc5 5. d3 O-O 6. O-O d6 7. h3 Nh5 8. Bg5
Ne7 9. Bh4 Nf4 10. Ng5 Re8 11. Bxf7+ Kf8 12. Bxe8 Qxe8 13. Nxh7+ Kg8 14. Bxe7
Qxe7 15. g3 Nxh3+ 16. Kg2 Kxh7 17. Nd5 Qd7 18. Qh5+ Kg8 19. Qg6 c6 20. Nf6+ Kf8
21. Nxd7+ Bxd7 22. c3 b5 23. b4 Bb6 24. Qh7 Kf7 25. Qh5+ Kf8 26. Qf3+ Kg8 27.
g4 Ng5 28. Qg3 c5 29. Qh4 Bd8 30. Rh1 a5 31. Qh8+ Kf7 32. Qh5+ g6 33. Qh6 axb4
34. cxb4 cxb4 35. Rad1 Rxa2 36. d4 b3 37. dxe5 dxe5 38. Rxd7+ Be7 39. Qxg5 b2
40. Qxe7+ Kg8 41. Qe8# 1-0

[Event "MCR 2022 H08"]
[Site "Klatovy, Czech Republic"]
[Date "2022.04.09"]
[Round "2.7"]
[White "Tomes, Jan"]
[Black "Bruha, Jan"]
[Result "1-0"]
[WhiteElo "1000"]
[BlackElo "1000"]
[PlyCount "113"]
[EventDate "2022.04.09"]
[EventType "swiss"]
[EventRounds "9"]
[EventCountry "CZE"]

1. e4 e5 2. Nf3 Nf6 3. Nxe5 Nxe4 4. Qe2 d5 5. f3 Bc5 6. fxe4 dxe4 7. Qxe4 Qf6
8. Ng4+ Qe7 9. Qxe7+ Kxe7 10. Nc3 Bxg4 11. Nd5+ Kd7 12. Ne3 Bxe3 13. dxe3 Nc6
14. h3 Bf5 15. Kd2 Rad8 16. Bd3 Ke8 17. g4 Bxd3 18. cxd3 Ke7 19. b3 Rd7 20.
Ba3+ Kd8 21. Rac1 Ne7 22. Rhf1 Re8 23. Rxf7 Ng6 24. Rxd7+ Kxd7 25. Rf1 Rf8 26.
Bxf8 Nxf8 27. Rxf8 Ke7 28. Rf1 b5 29. a4 bxa4 30. bxa4 c5 31. d4 cxd4 32. exd4
h6 33. Ke3 g5 34. d5 Kd6 35. Rf6+ Kd7 36. Rxh6 Kd8 37. Rh7 a6 38. d6 a5 39. d7
Kc7 40. Kd4 Kd8 41. Kd5 Kc7 42. Ke6 Kd8 43. Rh8+ Kc7 44. Ke7 Kc6 45. d8=R Kc5
46. Rh6 Kb4 47. Rd1 Kxa4 48. Ra6 Kb5 49. Rxa5+ Kxa5 50. Rb1 Ka4 51. Kd6 Ka3 52.
Kc5 Ka2 53. Rb8 Ka3 54. Kc4 Ka2 55. Kc3 Ka3 56. h4 gxh4 57. Ra8# 1-0

[Event "MCR 2022 H08"]
[Site "Klatovy, Czech Republic"]
[Date "2022.04.09"]
[Round "2.8"]
[White "Burel, Jan"]
[Black "Skoloud, Josef"]
[Result "0-1"]
[WhiteElo "1000"]
[BlackElo "1068"]
[PlyCount "132"]
[EventDate "2022.04.09"]
[EventType "swiss"]
[EventRounds "9"]
[EventCountry "CZE"]

1. e4 d5 2. exd5 Qxd5 3. Nc3 Qa5 4. d4 c6 5. Nf3 Nf6 6. Bf4 Bf5 7. Bc4 e6 8.
O-O Be7 9. Qd2 O-O 10. Rad1 Nbd7 11. Rfe1 c5 12. d5 Nb6 13. Bc7 Bd8 14. Bxb6
Qxb6 15. dxe6 fxe6 16. Ng5 Re8 17. Re2 Qxb2 18. Nxe6 Bxe6 19. Bxe6+ Kh8 20. Na4
Qa3 21. Bd7 Rxe2 22. Qxe2 Bc7 23. Re1 h6 24. Bb5 a6 25. Bd3 Qxa4 26. Qf3 Qc6
27. Qf5 Re8 28. Rxe8+ Qxe8 29. h3 b5 30. a3 c4 31. Be2 Qxe2 32. Qc8+ Kh7 33.
Qxc7 Qxc2 34. Kh2 Qxf2 35. Qc6 Qf4+ 36. Kg1 Qc1+ 37. Kh2 Qxa3 38. Qc8 Qd6+ 39.
Kg1 Qd4+ 40. Kh2 a5 41. Qf5+ g6 42. Qxb5 h5 43. Qb7+ Kh6 44. g3 Qd2+ 45. Kg1 c3
46. Qb8 c2 47. Qh8+ Nh7 48. Qc8 c1=Q+ 49. Qxc1 Qxc1+ 50. Kf2 Nf6 51. g4 hxg4
52. hxg4 Nxg4+ 53. Kf3 Qf1+ 54. Kxg4 Qg1+ 55. Kf4 Qf1+ 56. Ke4 Qd1 57. Ke5 Kg7
58. Kf4 Qe1 59. Kf3 a4 60. Kf4 a3 61. Kf3 a2 62. Kf4 a1=Q 63. Kf3 Qb2 64. Kf4
Qbf2+ 65. Kg4 Qeg1+ 66. Kh3 Qfh2# 0-1

[Event "MCR 2022 H08"]
[Site "Klatovy, Czech Republic"]
[Date "2022.04.09"]
[Round "2.10"]
[White "Vostracky, Martin"]
[Black "Fadrny, Jonas"]
[Result "1/2-1/2"]
[WhiteElo "1000"]
[BlackElo "1000"]
[PlyCount "123"]
[EventDate "2022.04.09"]
[EventType "swiss"]
[EventRounds "9"]
[EventCountry "CZE"]

1. e4 c6 2. Nf3 d5 3. exd5 cxd5 4. Bb5+ Nc6 5. Ne5 Bd7 6. Nxd7 Qxd7 7. Nc3 Nf6
8. d4 e6 9. Bxc6 bxc6 10. b3 Bb4 11. Bb2 O-O 12. Qe2 Ne4 13. Qd3 Bxc3+ 14. Bxc3
Qe7 15. Bb2 Qf6 16. Rf1 Qg6 17. O-O-O Nd6 18. Qxg6 fxg6 19. Rde1 Rae8 20. Ba3
Rd8 21. Rxe6 Rf6 22. Rxf6 gxf6 23. Re1 Kf7 24. f4 Rd7 25. g4 Ne4 26. f5 gxf5
27. gxf5 Rb7 28. c4 Rc7 29. cxd5 cxd5+ 30. Kb1 Nc3+ 31. Kb2 Ne4 32. Rc1 Rxc1
33. Kxc1 Kg7 34. b4 Nd6 35. b5 Nxb5 36. Bc5 a5 37. a4 Nc3 38. Bb6 Nxa4 39. Bxa5
Kh6 40. Bd2+ Kh5 41. Kd1 Nb6 42. Ke2 Kg4 43. Ba5 Nd7 44. Be1 Kxf5 45. Kf3 Ne5+
46. dxe5 fxe5 47. Ke3 d4+ 48. Kd3 Ke6 49. Ke4 Kd6 50. Bb4+ Ke6 51. h4 Kf6 52.
Kd3 Kg6 53. Ke4 Kh5 54. Kxe5 Kxh4 55. Kxd4 Kg4 56. Ke3 Kg3 57. Be1+ Kg2 58. Kf4
Kf1 59. Bh4 Kg2 60. Kg5 Kh3 61. Be1 h5 62. Kxh5 1/2-1/2

[Event "MCR 2022 H08"]
[Site "Klatovy, Czech Republic"]
[Date "2022.04.09"]
[Round "2.11"]
[White "Fedorov, Viktor 2014"]
[Black "Sott, David"]
[Result "1-0"]
[WhiteElo "1000"]
[BlackElo "1000"]
[PlyCount "61"]
[EventDate "2022.04.09"]
[EventType "swiss"]
[EventRounds "9"]
[EventCountry "CZE"]

1. e4 e5 2. Nf3 Nc6 3. Nc3 Nf6 4. Bc4 Bc5 5. d3 O-O 6. Bg5 Qe8 7. Bxf6 gxf6 8.
O-O a6 9. Nh4 b5 10. Bd5 Ne7 11. Bxa8 Kh8 12. Bd5 Rg8 13. Qh5 Rg5 14. Qh6 Ng8
15. Bxf7 Nxh6 16. Bxe8 Rg8 17. Bh5 Rg5 18. Bf3 Be7 19. Nd5 Bf8 20. Nxc7 Bd6 21.
Ne8 Be7 22. Rfe1 Rg8 23. Bh5 Bb7 24. Nf5 Bf8 25. Re3 Rg5 26. Rh3 Bc5 27. Nxf6
Bd4 28. Rb1 Ng8 29. Nxh7 Kxh7 30. Bf7+ Nh6 31. Rxh6# 1-0

[Event "MCR 2022 H08"]
[Site "Klatovy, Czech Republic"]
[Date "2022.04.09"]
[Round "2.12"]
[White "Flidr, Jan"]
[Black "Tomes, Dominik"]
[Result "0-1"]
[WhiteElo "1000"]
[BlackElo "1000"]
[PlyCount "32"]
[EventDate "2022.04.09"]
[EventType "swiss"]
[EventRounds "9"]
[EventCountry "CZE"]

1. e4 e5 2. Nf3 Nc6 3. Bc4 Bc5 4. Nc3 Nf6 5. d3 d6 6. O-O O-O 7. Bg5 h6 8. Bh4
g5 9. Bg3 g4 10. Nh4 a6 11. a3 Be6 12. Bxe6 fxe6 13. Ng6 Rf7 14. Nh4 Bd4 15.
Qd2 Nh5 16. Qxh6 Nxg3 0-1

[Event "MCR 2022 H08"]
[Site "Klatovy, Czech Republic"]
[Date "2022.04.09"]
[Round "2.13"]
[White "Habetinek, Jan"]
[Black "Tyshchenko, Ostap"]
[Result "1-0"]
[WhiteElo "1000"]
[BlackElo "1000"]
[PlyCount "29"]
[EventDate "2022.04.09"]
[EventType "swiss"]
[EventRounds "9"]
[EventCountry "CZE"]

1. e4 e5 2. Bc4 Nc6 3. Nf3 Nf6 4. Nc3 Bb4 5. O-O O-O 6. d3 d6 7. Bg5 Bg4 8. Nd5
Nd4 9. Nxf6+ gxf6 10. Bh6 Re8 11. c3 Bxf3 12. gxf3 Nxf3+ 13. Qxf3 Bc5 14. Qg4+
Kh8 15. Qg7# 1-0

[Event "MCR 2022 H08"]
[Site "Klatovy, Czech Republic"]
[Date "2022.04.09"]
[Round "2.14"]
[White "Zabokrcky, Simon"]
[Black "Hurt, Marek"]
[Result "0-1"]
[WhiteElo "1000"]
[BlackElo "1000"]
[PlyCount "46"]
[EventDate "2022.04.09"]
[EventType "swiss"]
[EventRounds "9"]
[EventCountry "CZE"]

1. e4 e5 2. Bc4 Nf6 3. f3 Bc5 4. c3 Nc6 5. d4 exd4 6. cxd4 Bxd4 7. Qb3 O-O 8.
Bxf7+ Rxf7 9. e5 Bxg1 10. exf6 gxf6 11. Rxg1 d6 12. Bh6 Qe7+ 13. Kf2 Nd4 14.
Qe3 Nc2 15. Nc3 Nxe3 16. Rge1 Nc2 17. Rxe7 Rxe7 18. Rc1 Nb4 19. a3 Nd5 20. Nxd5
Rd7 21. Nxf6+ Kf7 22. Rc4 Re7 23. Rf4 Bd7 0-1